effect of different rates of urea on celery cabbage ឥទ្ធពលនៃកម្រិតជីអ៊ុយរ៉េផ្សេងៗគ្នានៅលើដំណាំស្ពៃចង្កះ (Record no. 17974)

000 -LEADER
fixed length control field 00588nam a22001577a 4500
003 - CONTROL NUMBER IDENTIFIER
control field OSt
005 - DATE AND TIME OF LATEST TRANSACTION
control field 20190715131137.0
008 - FIXED-LENGTH DATA ELEMENTS--GENERAL INFORMATION
fixed length control field 190715b xxu||||| |||| 00| 0 eng d
040 ## - CATALOGING SOURCE
Transcribing agency RUA
082 ## - DEWEY DECIMAL CLASSIFICATION NUMBER
Classification number AGR HEN 2017 B633 Or.1
100 ## - MAIN ENTRY--PERSONAL NAME
9 (RLIN) 13640
Personal name HENG SAN ហេង សាន​
245 ## - TITLE STATEMENT
Title effect of different rates of urea on celery cabbage ឥទ្ធពលនៃកម្រិតជីអ៊ុយរ៉េផ្សេងៗគ្នានៅលើដំណាំស្ពៃចង្កះ
260 ## - PUBLICATION, DISTRIBUTION, ETC. (IMPRINT)
Place of publication, distribution, etc. RUA
Name of publisher, distributor, etc. phnom penh
Date of publication, distribution, etc. 2017
300 ## - PHYSICAL DESCRIPTION
Extent xii;37p
Other physical details ill;
Dimensions 29cm
942 ## - ADDED ENTRY ELEMENTS (KOHA)
Source of classification or shelving scheme
Koha item type AGR
Holdings
Price effective from Date last seen Permanent Location Not for loan Date acquired Source of classification or shelving scheme Koha item type Lost status Withdrawn status Date last checked out Total Checkouts Shelving location Damaged status Barcode Current Location Full call number
2019-07-152019-12-17Library Block B 2019-07-15 AGR  2019-12-022B633 A44963Library Block BAGR HEN 2017 B633 Or.1
2019-07-152019-07-15Library Block B 2019-07-15 AGR    B633 A44674Library Block BAGR HEN 2017 B633 Or.2
2019-07-152019-07-15Library Block B 2019-07-15 AGR    B633 A45038Library Block BAGR HEN 2017 B633 Or.3
2019-07-152019-11-29Library Block B 2019-07-15 AGR  2019-11-012B633 A45113Library Block BAGR HEN 2017 B633 Or.4
2019-07-152023-03-13Library Block B 2019-07-15 AGR  2023-02-201B633 A44898Library Block BAGR HEN 2017 B633 Or.5
2019-07-152019-07-15Library Block B 2019-07-15 AGR    B633 A44683Library Block BAGR HEN 2017 B633 Or.6
មជ្ឈមណ្ឌលឯការនៃសាកលវិទ្យាល័យភូមិន្ទកសិកម្មចំការដូង

Powered by Koha